It looks like you're offline.
Open Library logo
additional options menu

MARC record from Internet Archive

LEADER: 03030cam 2200673Ma 4500
001 ocn751664145
003 OCoLC
005 20220125030644.0
008 110328r20112006enk 000 f eng d
040 $aUKMGB$beng$cUKMGB$dOCLCQ$dAU@$dYDXCP$dCGU$dBTCTA$dOCLCO$dOCLCQ$dOCLCF$dGZM$dOCLCO$dOCLCQ$dOCLCO$dOCL$dOCLCO$dNZIPP$dOCLCA$dOCL$dNZTOP$dOCLCQ$dOCLCO$dOCL$dNZHWP$dOCLCQ$dOCLCO$dUKMGB$dOCLCQ$dOCLCO$dOCL$dOCLCQ$dOCLCO
015 $aGBB141376$2bnb
016 7 $a015781713$2Uk
019 $a731926227$a759568684$a794670638
020 $a9781849835138$q(pbk.)
020 $a1849835136$q(pbk.)
035 $a(OCoLC)751664145$z(OCoLC)731926227$z(OCoLC)759568684$z(OCoLC)794670638
041 1 $aeng$hswe
043 $ae-sw---
050 4 $aPT9876.23.A653$bP7513 2011
082 04 $a839.7374$222
100 1 $aMarklund, Liza,$d1962-
245 10 $aPrime time /$cby Liza Marklund.
260 $aLondon :$bSimon & Schuster,$c2011.
300 $a422 pages ;$c20 cm
336 $atext$btxt$2rdacontent
337 $aunmediated$bn$2rdamedia
338 $avolume$bnc$2rdacarrier
500 $aOriginally published: London: Pocket, 2006.
546 $aTranslated from the Swedish.
520 $aOn the shortest night of the year, thirteen people are due to film a prime time TV series but on the morning of Midsummer's Eve, the brightest star in Swedish television is found shot dead in a mobile control room. Newspaper reporter Annika Bengtzon is drawn into the investigation where she soon learns that one of the suspects is her best friend. As events unfold her personal life starts to take a turn for the worse. Meanwhile, there's a murderer on the loose - and a terrifying drama about to take place in the public eye.
600 10 $aBengtzon, Annika$c(Fictitious character)$vFiction.
650 0 $aWomen journalists$zSweden$zStockholm$vFiction.
600 17 $aBengtzon, Annika$c(Fictitious character)$2fast$0(OCoLC)fst01764185
650 7 $aWomen journalists.$2fast$0(OCoLC)fst01178072
651 7 $aSweden$zStockholm.$2fast$0(OCoLC)fst01204512
655 0 $aDetective and mystery stories.
655 7 $aDetective and mystery fiction.$2fast$0(OCoLC)fst01726581
655 7 $aThrillers (Fiction)$2fast$0(OCoLC)fst01726755
655 7 $aFiction.$2fast$0(OCoLC)fst01423787
655 7 $aThrillers (Fiction)$2lcgft
800 1 $aMarklund, Liza,$d1962-$tAnnika Bengtzon ;$v3.
938 $aBaker and Taylor$bBTCP$nBK0009976912
938 $aYBP Library Services$bYANK$n100583875
029 1 $aAU@$b000047681222
029 1 $aAU@$b000047974016
029 1 $aAU@$b000048118984
029 1 $aAU@$b000049187890
029 1 $aCBK$b124526942
029 1 $aNZ1$b13832424
029 1 $aUKBCI$b124526942
029 1 $aUKBNS$b124526942
029 1 $aUKDOR$b124526942
029 1 $aUKMGB$b015781713
029 1 $aUKSCO$b124526942
029 1 $aUKSGC$b124526942
029 1 $aUKSOM$b124526942
029 1 $aUNITY$b124526942
994 $aZ0$bP4A
948 $hNO HOLDINGS IN P4A - 69 OTHER HOLDINGS